Online Catalogue and eLibrary

Challenges of rural poverty by the year 2010 (Record no. 2805)

MARC details
000 -LEADER
fixed length control field 00669nam a2200193Ia 4500
005 - DATE AND TIME OF LATEST TRANSACTION
control field 20240529022927.0
008 - FIXED-LENGTH DATA ELEMENTS--GENERAL INFORMATION
fixed length control field 240331s9999 xx 000 0 und d
082 ## - DDC Classification
Item Number - Author Mark CHA
Class No. 339.46
245 #0 - TITLE STATEMENT
Title Challenges of rural poverty by the year 2010
Remainder of title Proceeding of the National Workshop of the Rural Social Science Network, January, 1993
260 ## - PUBLICATION, DISTRIBUTION, ETC.
Place of publication, distribution, etc. Dhaka
Name of publisher, distributor, etc. Winrock International (HRDP) & Bangladesh Agricultural Research Council ( BARC)
Date of publication, distribution, etc. 1993
300 ## - PHYSICAL DESCRIPTION
Extent (e.g. Volumes, Pages etc.) 180 p .,
650 ## - SUBJECT ADDED ENTRY--TOPICAL TERM
Topical term or geographic name entry element Social
650 ## - SUBJECT ADDED ENTRY--TOPICAL TERM
Topical term or geographic name entry element Cultural
700 ## - ADDED ENTRY--PERSONAL NAME
Personal name Husain, Muazzam M.A.
Relator term (Role) Editor
700 ## - ADDED ENTRY--PERSONAL NAME
Personal name Salahuddin, Khaleda
Relator term (Role) Editor
700 ## - ADDED ENTRY--PERSONAL NAME
Personal name Shamim, Ishrat
Relator term (Role) Editor
700 ## - ADDED ENTRY--PERSONAL NAME
Personal name Alam, Nurul M.S.
Relator term (Role) Editor
942 ## - Koha item type (Biblio)
Koha item type Books in Stacks (Lending)
Holdings
Lost status Damaged status Collection code Home library Current library Shelving location Date acquired Full call number Accession Number Item type
    Lending WERC Library WERC Library Social Science Cupboard 03/31/2024 339.46 CHA 3499 Books in Stacks (Lending)

© WERC Library